Quizzes
Events
Quiz Creation
Community
Videos
Private Events
Remove Ads
Sign In
Join for FREE
Feedback
Dark Mode
Quiz Categories
Sports
Geography
Music
Movies
Television
Just For Fun
Miscellaneous
History
Literature
Language
Science
Gaming
Entertainment
Religion
Holiday
For Kids
Quiz Lab
Recent
Popular Today
Quiz Kudos Today
Editor Picks
Curator Picks
Quizzes by...
Day
Popularity
Type
Ratings
Length
Year
Community
Subscriptions
Recent Discussions
Orange Saloon
Badges
Playlists
Quests
Create
Leaderboards
Showdown
Live 5
Trivia Bingo
Activity
Puzzle Library
Sporcle Events
Private Events
Virtual Trivia
Globe League
Become a Host
Pub Owners
SporcleCon
Opinionation
Our Games
Videos
Blog
Mobile Apps
Partnerships
Remove Ads and Go Orange
Feedback
Music
Pop Music
The Beatles
Song
Album
Lyrics
Bands
Singers
Artist
Clip
Rock
Rap
Classical
Billboard
Country Music
Kpop
Taylor Swift
Music
Pop Music
The Beatles
Song
Album
Lyrics
Bands
Singers
Artist
Clip
Rock
Rap
Classical
Billboard
Country Music
Kpop
Taylor Swift
Random Quiz
Search Sporcle
×
Quiz Lab
Quiz Lab
Music
Bands
Type in answers that appear in a list
Type in answers that appear in a list
Classic
Best Score? Go Orange.
Greatest Rock bands from the 70s Stats
Can you name the Greatest Rock bands from the 70s?
By
halloween
6m
14 Questions
605 Plays
605 Plays
605 Plays
Comments
Comments
Give Quiz Kudos
Give Quiz Kudos
-
- Ratings
hide this ad
More Info
Replay
Link that replays current quiz
Next Quiz
Link to next quiz in quiz playlist
You Got
0%
They Got
Avg Score
72%
Avg Friend Score
Upgrade to see
Score Distribution
Jump to the score distribution portion of the page
Score
0/14
Timer
06:00
0
Plays Today
songs
Bands
% Correct
Stairway to Heaven
Led Zeppelin
94.5%
Killer Queen
Queen
93.6%
Walk this Way
Aerosmith
89.9%
Rock N Roll all Nite
Kiss
84.8%
TNT
ACDC
83.8%
Brown Sugar
Rolling Stones
83.8%
Dont fear the reaper
Blue Oyster Cult
82.6%
songs
Bands
% Correct
Life in the Fast Lane
Eagles
77%
Hey You
Pink Floyd
67.8%
Fame
David Bowie
65.3%
God save the Queen
Sex Pistols
63.3%
Benny and the jets
Elthon John
48.8%
Do you feel like we feel
Peter Frampton
47.6%
Do Ya
ELO
29.4%
Quiz Playlist
Details
Report
Send in Message
Add To Playlist
More Info:
1111
Classic:
Type in answers that appear in a list
Last Updated: Feb 16, 2017
Quiz Scoreboard
CHALLENGE
Sign Up to Join the Scoreboard
Show All
Scores
Hide
Comments
May contain spoilers
Recently Published
9x9 Crossword: Cartoon Network
by jackfrog10
Miscellaneous
3m
College Basketball Coaching Resumes
by pancakes188
Sports
9m
Billboard Blitz: Fleetwood Mac
by CooCooCachoo
Music
15s
More to Explore
Quiz From the Vault
Featured Blog Post
Where Did the Easter Bunny Come From?
hide this ad
You Might Also Like...
Tags
Bands Quiz
Rock Quiz
Song Quiz
1970s
greatest
Today's Top Quizzes in Music
Browse Music
hide this ad
Today's Top Quizzes in Bands
Browse Bands
Top Contributed Quizzes in Music
1
Taylor Swift All Songs (2024)
2
Guess the Artist- 70s Songs
3
7-to-1: Billboard Hot 100 #1 Hits of 2010s
4
Sorting Albums and Songs
5
Taylor Swift Logic Puzzle
6
KPOP LOGIC QUIZ
7
Guess the Taylor Swift song (Mystery Song)
8
One Thing in Common: Music
9
2010s Album by Cover III
10
Guess The Taylor Swift Lyrics Song #1
Explore More
Trending Topics
Disney
Harry Potter
Marvel
Kpop
NBA
Crossword
Anime
Song
Pokémon
Puzzle
NFL
WWE
Country
The Office
Soccer
hide this ad
More By:
halloween
Quiz
Plays
Rating
Category
Featured
Created
Greatest Rock bands from the 70s
605
1.13
Music
Feb 22, 2011
Pennsylvania native QBs to go pro
252
2.33
Sports
Jan 2, 2011
bands greatest albums ever
145
1.00
Music
Jan 27, 2011
cartoon show that become a movie part 1
113
1.33
Movies
Jan 14, 2011
1996 MLB Closers
68
4.50
Sports
Jan 3, 2011
Go to Creator's Profile
Score Distribution
Quiz Creator Spotlight
halloween
Follow
Send a Message
Quizzes Created
-
Created Quiz Play Count
-
More By This Creator
Popular Quizzes Today
1
Find the US States - No Outlines Minefield
2
Find the Countries of Europe - No Outlines Minefield
3
The Countries of the World
4
Find the US States
5
Risky Map Clicking: Biggest States A-Z
6
US States
7
Popular People in 1961
8
Movies - When Are They Set?
More Music Quizzes
COLOR-CODED Songs II
Published
Trending Quizzes
Risky Map Clicking: Least Populous States A-Z
1-10 Letter G Words
1-10 Letter F Words
Risky Map Clicking: Next State Alphabetically
Adjectives in 80s TV Shows
Recently Updated
Leaping Animals
pecheneg
Reality TV Shows (A-Z)
bhenderson79
Rickey Henderson's Hall of Fame Teammates
pecheneg
Champions League XIs: Arsenal
pecheneg
Quick Pick: Celebrities in WWE's Hall of Fame
aduchscher
A-Z Keypad Blitz II
pecheneg
Multiple Oscar Actors
pecheneg
Mystery Phrase Blitz: Oscar 'Best Actors'
pecheneg
F. Scott Fitzgerald Novels
LTH
Pick 3 Villains
ddd62291
Trending Topics
Kpop
Disney
Crossword
Anime
NBA
Harry Potter
Marvel
Puzzle
WWE
NFL
Pokémon
Soccer
Song
The Office
Country
Your Account Isn't Verified!
In order to create a playlist on Sporcle, you need to verify the email address you used during registration. Go to your
Sporcle Settings
to finish the process.
Report this User
Report this user for behavior that violates our
Community Guidelines
.
Details:
Send Report
Go to the Sporcle.com Mobile Site →
Comments